Statistics for Asian World Leaders

Click here to take the quiz!

General Stats

  • This quiz has been taken 6 times
  • The average score is 3 of 15

Answer Stats

HintAnswer% Correct
Prime Minister of JapanShinzo Abe
67%
Emperor of JapanAkihito
50%
President of IndonesiaJoko Widodo
33%
President of IndiaPranab Mukherjee
33%
President of the PhilippinesRodrigo Duterte
33%
President of IranHassan Rouhani
17%
President of South Korea (Impeached)Park Geun Hye
17%
Saudi Arabia KingSalman
17%
President of TaiwanTsai Ing Wen
17%
Sultan of BruneiHassanal Bolkiah
0%
Prime Minister of CambodiaHun Sen
0%
Acting President of South KoreaHwang Kyo Ahn
0%
Prime Minister SingaporeLee Hsien Loong
0%
President of VietnamTran Dai Quang
0%
Thailand KingVajiralongkorn
0%

Score Distribution

Percentile by Number Answered

Percent of People with Each Score

Your Score History

You have not taken this quiz